[Event "2nd Easter 4NCL Congress"]
[Site "Daventry"]
[Date "2022.04.18"]
[Round "6"]
[Board "22"]
[White "Sloan, Cecil"]
[Black "Winter, Kevin"]
[Result "1/2-1/2"]
[WhiteElo "1699"]
[BlackElo "1760"]
[PlyCount "73"]
[EventDate "2022.04.15"]
[EventRounds "7"]
[EventCountry "ENG"]

1. e4 d6 2. d4 Nf6 3. Nc3 Nbd7 4. Nf3 e5 5. Bc4 Be7 6. O-O c6 7. a4 Qc7 8. Qe2
h6 9. Be3 Nf8 10. Bb3 Ng6 11. Rfe1 O-O 12. Rad1 Bg4 13. h3 Bd7 14. Qd2 Kh7 15.
Nh2 a5 16. Nf1 Rad8 17. Ng3 Nh4 18. Qe2 Ra8 19. Nh5 Ng6 20. Nxf6+ Bxf6 21. d5
c5 22. Bc4 Be7 23. Bb5 Bc8 24. Bd3 b6 25. Nb5 Qd8 26. Qh5 Bd7 27. Nc3 Bf6 28.
Bb5 Bc8 29. Bd3 Bd7 30. Bb5 Bxb5 31. Nxb5 Qe7 32. Nc3 Nf4 33. Bxf4 exf4 34.
Qf5+ g6 35. Qxf4 Be5 36. Qe3 Qf6 37. Qf3  1/2-1/2

[Event "2nd Easter 4NCL Congress"]
[Site "Daventry"]
[Date "2022.04.18"]
[Round "6"]
[Board "23"]
[White "Pitt, Chris W"]
[Black "Gartside, Carl"]
[Result "0-1"]
[WhiteElo "1642"]
[BlackElo "1844"]
[PlyCount "56"]
[EventDate "2022.04.15"]
[EventRounds "7"]
[EventCountry "ENG"]

1. e4 e5 2. Nf3 Nc6 3. d4 exd4 4. Nxd4 Bb4+ 5. c3 Bc5 6. Be3 Qf6 7. Bc4 Nge7 8.
O-O d6 9. f4 O-O 10. a4 a6 11. Na3 Be6 12. Qd2 d5 13. e5 Qh4 14. Bd3 Nxd4 15.
Bxd4 Bxd4+ 16. cxd4 Bf5 17. Nc2 Qh6 18. Ne3 Bxd3 19. Qxd3 Qb6 20. Rf3 c5 21.
Rh3 h6 22. dxc5 Qxc5 23. g4 d4 24. Nf5 Ng6 25. Rf1 Rac8 26. e6 Rc6 27. exf7+
Rxf7 28. Qxd4 Rxf5  0-1

[Event "2nd Easter 4NCL Congress"]
[Site "Daventry"]
[Date "2022.04.18"]
[Round "6"]
[Board "24"]
[White "Fisher, Neal"]
[Black "Willow, Hambel M"]
[Result "1/2-1/2"]
[WhiteElo "1732"]
[BlackElo "1751"]
[PlyCount "60"]
[EventDate "2022.04.15"]
[EventRounds "7"]
[EventCountry "ENG"]

1. e4 c6 2. Nf3 d5 3. exd5 cxd5 4. d4 Nf6 5. Bd3 Bg4 6. c3 Nc6 7. Nbd2 e6 8.
Qa4 Bxf3 9. Nxf3 Bd6 10. Bg5 h6 11. Bh4 O-O 12. Bg3 Qc7 13. Bxd6 Qxd6 14. O-O
Rfe8 15. Rfe1 e5 16. dxe5 Nxe5 17. Nxe5 Rxe5 18. Rxe5 Qxe5 19. Qd4 Qe6 20. Kf1
Re8 21. Qxa7 Ne4 22. Qe3 Qd6 23. g3 Qd7 24. Bxe4 Rxe4 25. Qf3 Qb5+ 26. Kg2 Qxb2
27. Rd1 Qxa2 28. Qf5 Re2 29. Qc8+ Kh7 30. Qf5+ Kg8  1/2-1/2

[Event "2nd Easter 4NCL Congress"]
[Site "Daventry"]
[Date "2022.04.18"]
[Round "7"]
[Board "1"]
[White "Kay, Lee P"]
[Black "Mckay, Jonathan"]
[Result "0-1"]
[WhiteElo "1978"]
[BlackElo "1964"]
[PlyCount "122"]
[EventDate "2022.04.15"]
[EventRounds "7"]
[EventCountry "ENG"]

1. d4 d5 2. Bg5 c6 3. a3 Qb6 4. Ra2 Bf5 5. e3 e6 6. Nf3 h6 7. Bh4 Nd7 8. c4 a5
9. c5 Qc7 10. Bg3 Qd8 11. Bd3 Bxd3 12. Qxd3 Ngf6 13. Nc3 a4 14. O-O Be7 15. Rb1
b6 16. cxb6 Qxb6 17. Qc2 Qa5 18. Ne5 Nxe5 19. Bxe5 O-O 20. Ne2 Rfc8 21. h3 Ne4
22. Rd1 c5 23. dxc5 Nxc5 24. Bc3 Nb3 25. Nd4 Qb6 26. Qe2 Bf6 27. Qg4 Rc4 28.
Qe2 Nxd4 29. exd4 Bxd4 30. Bxd4 Rxd4 31. Raa1 Rc4 32. Rac1 Rac8 33. Rxc4 Rxc4
34. Rd2 Qc7 35. g3 Rc1+ 36. Kg2 Qc4 37. Qxc4 Rxc4 38. Kf3 Re4 39. Rc2 Kh7 40.
Rc7 Kg6 41. Rb7 f5 42. b4 axb3 43. Rxb3 Ra4 44. h4 h5 45. Kg2 Kf6 46. Kf3 d4
47. Ke2 Ke5 48. f4+ Kd5 49. Kd3 Ra5 50. Ke2 Kc4 51. Rb6 Rxa3 52. Kf2 Re3 53.
Rb7 Re4 54. Rxg7 d3 55. Re7 Kb3 56. Rd7 Kc3 57. Rc7+ Rc4 58. Ra7 d2 59. Ra1 Rd4
60. Ke2 Re4+ 61. Kf2 Kb2  0-1

[Event "2nd Easter 4NCL Congress"]
[Site "Daventry"]
[Date "2022.04.18"]
[Round "7"]
[Board "2"]
[White "Manawadu, Dilhan"]
[Black "Sajanani, Vikas"]
[Result "1-0"]
[WhiteElo "1941"]
[BlackElo "1963"]
[PlyCount "59"]
[EventDate "2022.04.15"]
[EventRounds "7"]
[EventCountry "ENG"]

1. Nf3 c5 2. e4 Nc6 3. d3 d6 4. g3 g6 5. Bg2 Bg7 6. O-O Nf6 7. Re1 O-O 8. c3 e5
9. Nbd2 h6 10. Nf1 b5 11. d4 Qc7 12. dxc5 dxc5 13. Qc2 Bb7 14. Nh4 a5 15. Be3
c4 16. h3 Rfd8 17. Rac1 a4 18. a3 Na5 19. f4 Nb3 20. Rcd1 Nc5 21. fxe5 Qxe5 22.
Bd4 Qc7 23. e5 Nd3 24. exf6 Nxe1 25. Rxe1 Bf8 26. Nxg6 Rxd4 27. cxd4 fxg6 28.
Qxg6+ Kh8 29. Re7 Bxe7 30. Qg7#  1-0

[Event "2nd Easter 4NCL Congress"]
[Site "Daventry"]
[Date "2022.04.18"]
[Round "7"]
[Board "3"]
[White "Gibbs, Dominic V"]
[Black "Fava, Lorenzo"]
[Result "1/2-1/2"]
[WhiteElo "1993"]
[BlackElo "1846"]
[PlyCount "140"]
[EventDate "2022.04.15"]
[EventRounds "7"]
[EventCountry "ENG"]

1. e4 c5 2. Nf3 d6 3. c3 Nf6 4. Bd3 Nc6 5. Bc2 Bg4 6. h3 Bh5 7. d3 d5 8. Nbd2
e6 9. O-O Be7 10. Re1 O-O 11. Qe2 Qc7 12. Nf1 Ne5 13. g4 Nxf3+ 14. Qxf3 dxe4
15. dxe4 Bg6 16. Bf4 Qc6 17. Ng3 Nd7 18. Kg2 f6 19. Rad1 Ne5 20. Qe2 Rad8 21.
Kh2 Be8 22. b3 Ng6 23. Be3 Qc7 24. Rxd8 Qxd8 25. Qc4 Ne5 26. Qe2 Bb5 27. c4 Bd7
28. Rd1 Qc7 29. f4 Nc6 30. e5 Be8 31. exf6 Rxf6 32. Ne4 Rf8 33. Kg1 Nd4 34. Qf2
Bg6 35. Bb1 Bh4 36. Qg2 Rxf4 37. Bxf4 Qxf4 38. Rf1 Qe3+ 39. Kh1 Ne2 40. Qf3
Bxe4 41. Bxe4 Qxe4 42. Qxe4 Ng3+ 43. Kg2 Nxe4 44. Rd1 Nf6 45. Rd8+ Kf7 46. Rb8
b6 47. Rb7+ Kg6 48. Rxa7 Be1 49. Re7 Ba5 50. Rxe6 Kf7 51. Rc6 Ne8 52. Kf3 Ke7
53. Rc8 Nf6 54. g5 Nd7 55. Rh8 Nf8 56. Ke4 g6 57. Kd5 Kf7 58. Kc6 Kg7 59. Rxf8
Kxf8 60. a3 Ke7 61. Kb5 Bd2 62. Kxb6 Bxg5 63. Kxc5 Be3+ 64. Kc6 g5 65. Kd5 h5
66. Ke4 Bc1 67. Kf5 g4 68. hxg4 hxg4 69. Kxg4 Bxa3 70. Kf5 Kd6  1/2-1/2

[Event "2nd Easter 4NCL Congress"]
[Site "Daventry"]
[Date "2022.04.18"]
[Round "7"]
[Board "4"]
[White "Neatherway, A Philip"]
[Black "Arora, Tashika"]
[Result "0-1"]
[WhiteElo "1823"]
[BlackElo "1986"]
[PlyCount "100"]
[EventDate "2022.04.15"]
[EventRounds "7"]
[EventCountry "ENG"]

1. e4 c5 2. Nf3 d6 3. d4 cxd4 4. Nxd4 Nf6 5. Nc3 g6 6. Be3 Bg7 7. f3 O-O 8. Qd2
Nc6 9. g4 Be6 10. h4 d5 11. g5 Nh5 12. Rd1 Nxd4 13. Bxd4 Bxd4 14. Qxd4 dxe4 15.
Qxd8 Rfxd8 16. Rxd8+ Rxd8 17. Nxe4 Bxa2 18. b3 Bb1 19. Rh2 Rd5 20. Rd2 Ra5 21.
Nc3 Ba2 22. Kd1 Bxb3 23. Rd8+ Kg7 24. Bd3 Be6 25. Rb8 b6 26. Rb7 Nf4 27. Rxe7
h6 28. Ne4 hxg5 29. Nxg5 Kf6 30. Rc7 Nxd3 31. cxd3 Bb3+ 32. Kd2 Ra2+ 33. Ke3
Ra4 34. d4 Bd5 35. Rd7 Ra5 36. Kf4 Be6 37. Ne4+ Kg7 38. Rc7 Rf5+ 39. Ke3 a5 40.
Rb7 Rb5 41. Ra7 Rb4 42. Nd6 a4 43. Ne8+ Kf8 44. Nc7 b5 45. d5 Bd7 46. d6 Rb3+
47. Kd4 Rxf3 48. Kc5 Rc3+ 49. Kb6 Rc6+ 50. Kb7 Rxd6  0-1

[Event "2nd Easter 4NCL Congress"]
[Site "Daventry"]
[Date "2022.04.18"]
[Round "7"]
[Board "5"]
[White "Tart, Peter K"]
[Black "Moss, Jack O"]
[Result "1-0"]
[WhiteElo "1962"]
[BlackElo "1659"]
[PlyCount "53"]
[EventDate "2022.04.15"]
[EventRounds "7"]
[EventCountry "ENG"]

1. e4 e5 2. Nf3 Nc6 3. d4 exd4 4. Bc4 Nf6 5. e5 Ne4 6. c3 Be7 7. Bd5 Nc5 8.
cxd4 Ne6 9. Nc3 Nb4 10. Be4 d5 11. Bb1 O-O 12. a3 Na6 13. Qd3 g6 14. Bh6 Ng7
15. Qd2 Re8 16. h4 Nh5 17. b4 c6 18. Ne2 f6 19. Nf4 Nxf4 20. Qxf4 fxe5 21. Nxe5
Bf6 22. O-O Bxe5 23. dxe5 Nc7 24. h5 g5 25. Qg3 Ne6 26. f4 Nd4 27. Qd3  1-0

[Event "2nd Easter 4NCL Congress"]
[Site "Daventry"]
[Date "2022.04.18"]
[Round "7"]
[Board "6"]
[White "Mcdonnell, James J"]
[Black "Isik, Muhammed Oguz"]
[Result "1-0"]
[WhiteElo "1929"]
[BlackElo "1492"]
[PlyCount "129"]
[EventDate "2022.04.15"]
[EventRounds "7"]
[EventCountry "ENG"]

1. e4 e5 2. Nf3 Nc6 3. Bb5 a6 4. Ba4 Nf6 5. d3 b5 6. Bb3 h6 7. O-O Bb7 8. a3
Bc5 9. c3 Bb6 10. Qe2 d6 11. Be3 Bxe3 12. Qxe3 Ng4 13. Qe2 Qd7 14. h3 Nf6 15.
Nh2 g5 16. Qf3 Qe7 17. Nd2 O-O-O 18. a4 b4 19. Bd5 Rdg8 20. Bxc6 Bxc6 21. cxb4
g4 22. Nxg4 Nxg4 23. hxg4 Bd7 24. Rfc1 Rxg4 25. Nc4 Kd8 26. Ne3 Rf4 27. Qe2 Qh4
28. Qc2 f5 29. Qxc7+ Ke8 30. Rc2 Rg8 31. Qb8+ Kf7 32. Qxd6 Qe7 33. Qxe7+ Kxe7
34. Nd5+ Kd6 35. Nxf4 exf4 36. f3 Rb8 37. b5 axb5 38. a5 Ra8 39. b4 fxe4 40.
dxe4 Be6 41. Rd1+ Ke7 42. Rc7+ Kf6 43. Rc6 Ke7 44. Rdd6 Bc4 45. Rxh6 Rd8 46.
Rh7+ Kf8 47. Rh8+ Bg8 48. Rc7 Rd1+ 49. Kh2 Rb1 50. Rc8+ Ke7 51. Rhxg8 Rxb4 52.
a6 Ra4 53. a7 Rxa7 54. Rg7+ Kd6 55. Rxa7 Ke5 56. Rb7 b4 57. Rxb4 Kd6 58. Rh8
Ke5 59. Ra8 Kd6 60. Ra5 Kc6 61. Rh5 Kd6 62. Rb6+ Kc7 63. Rg6 Kd7 64. Rh7+ Ke8
65. Rg8#  1-0

[Event "2nd Easter 4NCL Congress"]
[Site "Daventry"]
[Date "2022.04.18"]
[Round "7"]
[Board "7"]
[White "Ashcroft, Graham J"]
[Black "Wheeler, Tim"]
[Result "1-0"]
[WhiteElo "1982"]
[BlackElo "1703"]
[PlyCount "55"]
[EventDate "2022.04.15"]
[EventRounds "7"]
[EventCountry "ENG"]

1. c4 e5 2. g3 Nf6 3. Bg2 d5 4. cxd5 Nxd5 5. Nc3 Nb6 6. Nf3 Nc6 7. O-O Be7 8.
d3 O-O 9. a3 Re8 10. b4 a5 11. b5 Nd4 12. Bb2 a4 13. Nd2 Be6 14. Bxb7 Ra7 15.
Bg2 Qd7 16. Rc1 Bh3 17. Bxh3 Qxh3 18. e3 Ne6 19. Nf3 f6 20. d4 Bd6 21. dxe5
Bxe5 22. Nxe5 fxe5 23. Ne4 Qf5 24. Qc2 Ra5 25. Qc6 Rf8 26. f3 Nc8 27. Bc3 Ra7
28. Bb4  1-0

[Event "2nd Easter 4NCL Congress"]
[Site "Daventry"]
[Date "2022.04.18"]
[Round "7"]
[Board "8"]
[White "Coburn, Joseph A"]
[Black "Fallowfield, Nicholas"]
[Result "0-1"]
[WhiteElo "1818"]
[BlackElo "1959"]
[PlyCount "90"]
[EventDate "2022.04.15"]
[EventRounds "7"]
[EventCountry "ENG"]

1. d4 d5 2. Nf3 Nc6 3. g3 Bg4 4. Bg2 Qd7 5. O-O O-O-O 6. c3 f6 7. b4 Bh3 8. Qa4
h5 9. b5 Nb8 10. Qxa7 Bxg2 11. Kxg2 Qxb5 12. Na3 Qa6 13. Qxa6 Nxa6 14. h4 e6
15. Nc2 Kd7 16. Rb1 b6 17. a4 Ne7 18. Nb4 Ra8 19. Ra1 Nf5 20. Bd2 Nd6 21. Rfb1
Nc4 22. Bf4 Bd6 23. Bxd6 Kxd6 24. Nd3 Nb8 25. Nb2 Nxb2 26. Rxb2 Nc6 27. Nd2 Na5
28. e4 Ra7 29. f4 Rha8 30. Rb4 Nc6 31. e5+ Ke7 32. Rb2 Rxa4 33. Rxa4 Rxa4 34.
Nf3 Ra3 35. Rc2 Na5 36. Ng5 Nc4 37. Kh3 Ne3 38. Rc1 Ra2 39. Nf3 Rf2 40. Ne1 Ng4
41. Ng2 Ra2 42. c4 dxc4 43. Rxc4 Kd7 44. Rc1 Rd2 45. Rc4 Rxg2  0-1

[Event "2nd Easter 4NCL Congress"]
[Site "Daventry"]
[Date "2022.04.18"]
[Round "7"]
[Board "9"]
[White "Obi, Okwose Marc"]
[Black "Basson, Heinrich"]
[Result "1-0"]
[WhiteElo "1921"]
[BlackElo "1823"]
[PlyCount "41"]
[EventDate "2022.04.15"]
[EventRounds "7"]
[EventCountry "ENG"]

1. e4 d5 2. exd5 Qxd5 3. Nf3 Nf6 4. d4 c6 5. c4 Qa5+ 6. Nc3 e6 7. Bd3 Qc7 8.
O-O b6 9. Ne5 Bd6 10. Bf4 O-O 11. Re1 Qd8 12. Qf3 Bb7 13. Rad1 Kh8 14. Qh3 Be7
15. Ne4 Nxe4 16. Bxe4 f5 17. Ng6+ Kg8 18. Nxf8 Bxf8 19. Bc2 Qf6 20. c5 b5 21.
Rxe6  1-0

[Event "2nd Easter 4NCL Congress"]
[Site "Daventry"]
[Date "2022.04.18"]
[Round "7"]
[Board "10"]
[White "Boutsias, Jason"]
[Black "Waterfield, Mark Bw"]
[Result "1/2-1/2"]
[WhiteElo "1638"]
[BlackElo "1832"]
[PlyCount "63"]
[EventDate "2022.04.15"]
[EventRounds "7"]
[EventCountry "ENG"]

1. e4 e6 2. d4 d5 3. Nc3 Bb4 4. a3 Bxc3+ 5. bxc3 dxe4 6. Qg4 Nf6 7. Qxg7 Rg8 8.
Qh6 Rg6 9. Qe3 c5 10. Ne2 Nc6 11. dxc5 e5 12. Ng3 Qa5 13. Bd2 Qa4 14. Be2 Be6
15. O-O Ne7 16. f4 Ned5 17. Qf2 exf4 18. Bxf4 Nxc3 19. Be5 Nxe2+ 20. Nxe2 Ng4
21. Qf4 Qxc2 22. Nd4 Qxc5 23. Bh8 f6 24. Rfd1 Rd8 25. Qxe4 Qe5 26. Qxe5 fxe5
27. Nf3 e4 28. Ne5 Nxe5 29. Bxe5 Bd5 30. g3 Be6 31. Bf4 Rd7 32. Kf2  1/2-1/2

[Event "2nd Easter 4NCL Congress"]
[Site "Daventry"]
[Date "2022.04.18"]
[Round "7"]
[Board "12"]
[White "Zhao, George"]
[Black "Whitmore, Darren H"]
[Result "0-1"]
[WhiteElo "1540"]
[BlackElo "1874"]
[PlyCount "148"]
[EventDate "2022.04.15"]
[EventRounds "7"]
[EventCountry "ENG"]

1. d4 c5 2. d5 e5 3. c4 d6 4. Nc3 f5 5. g3 Nf6 6. Bg2 Be7 7. Nf3 Nbd7 8. O-O
O-O 9. b3 h6 10. Nh4 Ne8 11. Ng6 Rf6 12. Nxe7+ Qxe7 13. e4 f4 14. Bb2 Nf8 15.
Re1 Nh7 16. Qd3 g5 17. Ne2 Qf7 18. gxf4 gxf4 19. f3 Qh5 20. Kh1 Ng5 21. Rg1 Ng7
22. Nc3 Bh3 23. Raf1 Kf7 24. Bxh3 Qxh3 25. Rg2 Nh5 26. Kg1 Rg6 27. Rff2 Rag8
28. Kh1 Ng3+ 29. Kg1 N3xe4 30. Nxe4 Nxf3+ 31. Qxf3 Qxf3 32. Rxf3 Rxg2+ 33. Kf1
Rxb2 34. Nxd6+ Ke7 35. Nxb7 Rgg2 36. Nxc5 Rxh2 37. Kg1 Rbg2+ 38. Kf1 Rxa2 39.
Kg1 Rhb2 40. d6+ Kxd6 41. Ne4+ Kc6 42. Nf2 Rxf2 43. Rxf2 Rxf2 44. Kxf2 e4 45.
Ke2 h5 46. Kf2 h4 47. Ke2 h3 48. Kf2 h2 49. Kg2 h1=Q+ 50. Kxh1 Kc5 51. Kg2 a5
52. Kf2 a4 53. bxa4 Kxc4 54. a5 Kb5 55. Kg2 Kxa5 56. Kh3 e3 57. Kg2 Kb4 58. Kf3
Kc3 59. Ke2 Kc2 60. Ke1 f3 61. Kf1 Kd2 62. Kg1 Ke2 63. Kh2 Kf2 64. Kh1 e2 65.
Kh2 e1=R 66. Kh3 Ke3 67. Kg4 f2 68. Kf5 f1=Q+ 69. Ke5 Qf4+ 70. Kd5 Rd1+ 71. Kc5
Qd6+ 72. Kc4 Rc1+ 73. Kb3 Qb6+ 74. Ka2 Rc5  0-1

[Event "2nd Easter 4NCL Congress"]
[Site "Daventry"]
[Date "2022.04.18"]
[Round "7"]
[Board "13"]
[White "Gostelow, Luke"]
[Black "Fellowes, Billy"]
[Result "0-1"]
[WhiteElo "1867"]
[BlackElo "1612"]
[PlyCount "72"]
[EventDate "2022.04.15"]
[EventRounds "7"]
[EventCountry "ENG"]

1. c4 e5 2. g3 Nf6 3. Bg2 d5 4. cxd5 Nxd5 5. Nc3 Nxc3 6. bxc3 Nc6 7. Rb1 Bc5 8.
e3 Bd7 9. d4 exd4 10. exd4 Qe7+ 11. Ne2 Bb6 12. O-O O-O 13. Re1 Rfe8 14. Bf4
Bg4 15. f3 Bf5 16. Rc1 g5 17. Bd2 Ne5 18. Nf4 Qd8 19. Kh1 gxf4 20. dxe5 fxg3
21. hxg3 Bf2 22. Re2 Bxg3 23. Qa4 c5 24. Rg1 b5 25. Bh3 bxa4 26. Bxf5 Qh4+ 27.
Kg2 Rxe5 28. Be4 Rh5 29. Kf1 Qh3+ 30. Reg2 Rd8 31. Ke2 Rxd2+ 32. Kxd2 Rg5 33.
Ke2 f5 34. f4 Qh5+ 35. Ke3 Bxf4+ 36. Kxf4 Qh4+  0-1

[Event "2nd Easter 4NCL Congress"]
[Site "Daventry"]
[Date "2022.04.18"]
[Round "7"]
[Board "14"]
[White "Vijayakumar, Rishi"]
[Black "Stephens, Graeme"]
[Result "1-0"]
[WhiteElo "1722"]
[BlackElo "1856"]
[PlyCount "41"]
[EventDate "2022.04.15"]
[EventRounds "7"]
[EventCountry "ENG"]

1. d4 d5 2. c4 e6 3. Nc3 Nf6 4. cxd5 exd5 5. Bg5 Be7 6. Qc2 O-O 7. e3 c6 8. Bd3
h6 9. Bh4 Re8 10. Nf3 Ne4 11. Bxe4 Bxh4 12. Bh7+ Kh8 13. Ne5 Qc7 14. Nxd5 Qa5+
15. Nc3 Rxe5 16. dxe5 Qxe5 17. O-O-O Be6 18. Qe4 Nd7 19. Qxh4 Kxh7 20. Qe4+ g6
21. Rxd7  1-0

[Event "2nd Easter 4NCL Congress"]
[Site "Daventry"]
[Date "2022.04.18"]
[Round "7"]
[Board "15"]
[White "Macphail, Kieran"]
[Black "Nilsson, Adam"]
[Result "0-1"]
[WhiteElo "1849"]
[BlackElo "1744"]
[PlyCount "64"]
[EventDate "2022.04.15"]
[EventRounds "7"]
[EventCountry "ENG"]

1. e4 e6 2. d4 d5 3. e5 c5 4. c3 Nc6 5. Nf3 Qb6 6. a3 Nh6 7. b4 cxb4 8. cxb4
Nf5 9. Bb2 Bd7 10. g4 Nfe7 11. Nc3 Na5 12. Na4 Bxa4 13. Qxa4+ Nac6 14. Bd3 Ng6
15. Bc1 Be7 16. h4 Nxh4 17. Rxh4 Bxh4 18. Be3 Be7 19. Ke2 O-O 20. Bxh7+ Kxh7
21. Qc2+ Kg8 22. Rh1 g6 23. Rh6 Kg7 24. Nh4 Nxd4+ 25. Bxd4 Qb5+ 26. Kf3 Kxh6
27. Be3+ Kg7 28. Nf5+ exf5 29. gxf5 Qc6 30. f6+ Bxf6 31. exf6+ Qxf6+ 32. Kg2 d4
 0-1

[Event "2nd Easter 4NCL Congress"]
[Site "Daventry"]
[Date "2022.04.18"]
[Round "7"]
[Board "16"]
[White "Pyun, Lindsay"]
[Black "Murphy, Ross"]
[Result "1/2-1/2"]
[WhiteElo "1569"]
[BlackElo "1730"]
[PlyCount "40"]
[EventDate "2022.04.15"]
[EventRounds "7"]
[EventCountry "ENG"]

1. e4 d6 2. d4 Nf6 3. Nc3 c6 4. Nf3 Qa5 5. Bd2 Qc7 6. h3 e5 7. dxe5 dxe5 8. Bd3
Be7 9. O-O O-O 10. Qe2 h6 11. Rfe1 Be6 12. Bc4 Bxc4 13. Qxc4 Nbd7 14. a3 Nc5
15. Be3 b5 16. Qe2 a5 17. Bxc5 Bxc5 18. Nh4 Kh7 19. Qf3 Rad8 20. Rad1 Bd4
 1/2-1/2

[Event "2nd Easter 4NCL Congress"]
[Site "Daventry"]
[Date "2022.04.18"]
[Round "7"]
[Board "17"]
[White "Sunny, Saurav"]
[Black "Georgiou, George"]
[Result "1/2-1/2"]
[WhiteElo "1818"]
[BlackElo "1807"]
[PlyCount "92"]
[EventDate "2022.04.15"]
[EventRounds "7"]
[EventCountry "ENG"]

1. d4 d5 2. Bf4 c5 3. e3 Nf6 4. Nd2 Nc6 5. c3 Bf5 6. Ngf3 e6 7. h3 h6 8. Ne5
Nxe5 9. dxe5 Nd7 10. Nf3 Be7 11. Bd3 Bxd3 12. Qxd3 c4 13. Qc2 Nc5 14. O-O O-O
15. Rfd1 Qc8 16. Nd2 b5 17. e4 Nd3 18. Bg3 Rd8 19. b3 Qc6 20. a4 a6 21. exd5
Qxd5 22. axb5 axb5 23. bxc4 bxc4 24. Rxa8 Rxa8 25. Nxc4 Qxc4 26. Qxd3 Rc8 27.
Qxc4 Rxc4 28. Rc1 Bb4 29. Kf1 Rxc3 30. Rb1 Rc4 31. Ke2 Ba5 32. Rb5 Bc7 33. Kd3
Rc1 34. Bf4 Re1 35. Be3 Ra1 36. Bd4 Ra5 37. Kc4 h5 38. h4 Rxb5 39. Kxb5 Kf8 40.
Bc5+ Ke8 41. f4 Kd7 42. Bf8 g6 43. g3 Bb8 44. Bc5 Bc7 45. Ba7 Bd8 46. Bc5 Bc7
 1/2-1/2

[Event "2nd Easter 4NCL Congress"]
[Site "Daventry"]
[Date "2022.04.18"]
[Round "7"]
[Board "18"]
[White "Winter, Kevin"]
[Black "Livesey, R Nigel"]
[Result "1-0"]
[WhiteElo "1760"]
[BlackElo "1864"]
[PlyCount "73"]
[EventDate "2022.04.15"]
[EventRounds "7"]
[EventCountry "ENG"]

{[%evp 0,18,19,38,72,69,71,77,102,78,94,89,84,80,75,75,63,66,100,39,97]} 1. e4
c6 2. d4 d5 3. e5 h5 4. Bd3 g6 5. Nf3 Bg4 6. c3 e6 7. Nbd2 Ne7 8. Qb3 Qc7 9. c4
Bxf3 10. Nxf3 dxc4 11. Bxc4 Nd5 12. O-O Nd7 13. Bd2 N7b6 14. Ba5 Qd7 15. Bd2
Nxc4 16. Qxc4 Be7 17. Rfe1 Qd8 18. Rad1 g5 19. Bc1 g4 20. Nd2 h4 21. Ne4 Rg8
22. a3 Nb6 23. Qe2 Nd5 24. b4 Rc8 25. Bd2 Nb6 26. Be3 h3 27. g3 Qd5 28. Bf4 Rd8
29. Qf1 Nc4 30. Nc3 Qg2+ 31. Qxg2 hxg2 32. Bc1 a5 33. bxa5 Nxa3 34. Bxa3 Bxa3
35. Ne4 Ke7 36. Rb1 Rb8 37. Rb3  1-0

[Event "2nd Easter 4NCL Congress"]
[Site "Daventry"]
[Date "2022.04.18"]
[Round "7"]
[Board "19"]
[White "Gartside, Carl"]
[Black "Sloan, Cecil"]
[Result "1-0"]
[WhiteElo "1844"]
[BlackElo "1699"]
[PlyCount "111"]
[EventDate "2022.04.15"]
[EventRounds "7"]
[EventCountry "ENG"]

1. d4 Nf6 2. c4 Nc6 3. Nf3 e5 4. dxe5 Ng4 5. Bf4 Bb4+ 6. Nc3 Qe7 7. Qd5 Bc5 8.
e3 Nb4 9. Qd2 Nc6 10. Nd5 Bb4 11. Nxe7 Bxd2+ 12. Nxd2 Kxe7 13. Nf3 h5 14. Bd3
Nh6 15. O-O-O Nb4 16. Bb1 b6 17. Be4 Rb8 18. a3 Na6 19. b4 Bb7 20. Bxb7 Rxb7
21. Bxh6 Rxh6 22. Rd3 f6 23. Rhd1 Nb8 24. exf6+ Rxf6 25. Kc2 d6 26. R3d2 Nd7
27. Kb3 Rg6 28. g3 Rf6 29. Nd4 Ne5 30. h3 Nf3 31. Nxf3 Rxf3 32. Rc1 Rb8 33. b5
Rbf8 34. Rcc2 R8f5 35. Kb4 Rf6 36. h4 g6 37. a4 Rf8 38. a5 R8f7 39. a6 R7f5 40.
Kb3 Rf6 41. Kb2 R6f5 42. Kc1 Rf6 43. Kd1 R6f5 44. Ke1 Kd7 45. Rd4 Ke7 46. Rcd2
Rf6 47. g4 hxg4 48. Rxg4 R3f5 49. f4 Rc5 50. Rd4 Kf7 51. Ke2 Rff5 52. Rg5 Rxg5
53. fxg5 Rf5 54. Kd3 Ke6 55. Re4+ Re5 56. Kd4  1-0

[Event "2nd Easter 4NCL Congress"]
[Site "Daventry"]
[Date "2022.04.18"]
[Round "7"]
[Board "20"]
[White "Curran, David P"]
[Black "Chantrell, Paul"]
[Result "1-0"]
[WhiteElo "1734"]
[BlackElo "1783"]
[PlyCount "114"]
[EventDate "2022.04.15"]
[EventRounds "7"]
[EventCountry "ENG"]

1. b4 d5 2. Nf3 e6 3. Bb2 Nf6 4. a3 Bd7 5. e3 a6 6. c4 dxc4 7. Bxc4 b5 8. Be2
c5 9. bxc5 Bxc5 10. Ne5 Ra7 11. Nxd7 Nbxd7 12. d4 Be7 13. O-O Nb6 14. Nd2 Na4
15. Qb3 Nxb2 16. Qxb2 O-O 17. Nf3 Nd5 18. Ne5 Rc7 19. Rfc1 Bd6 20. a4 Bxe5 21.
dxe5 Qb8 22. axb5 Rxc1+ 23. Rxc1 axb5 24. Bxb5 Rc8 25. Ba6 Rxc1+ 26. Qxc1 g6
27. Qc8+ Qxc8 28. Bxc8 g5 29. g4 Kg7 30. Kg2 Kg6 31. Bb7 Ne7 32. Be4+ Kg7 33.
Kg3 h6 34. f4 f6 35. exf6+ Kxf6 36. h4 Nc8 37. fxg5+ hxg5 38. h5 Nd6 39. Kf3
Nf7 40. Bc2 Ne5+ 41. Kg3 Nf7 42. Bd1 Ke5 43. Kf3 Nh6 44. Ba4 Kf6 45. Bd7 Ke7
46. Bc8 Kf6 47. Ba6 Nf7 48. Ke4 Nh6 49. Be2 Nf7 50. Kd4 Nh6 51. e4 e5+ 52. Kd5
Ng8 53. Ba6 Ne7+ 54. Kd6 Ng8 55. Bc4 Ne7 56. Be6 Nc6 57. Kxc6 Kxe6  1-0

[Event "2nd Easter 4NCL Congress"]
[Site "Daventry"]
[Date "2022.04.18"]
[Round "7"]
[Board "21"]
[White "Willow, Hambel M"]
[Black "Lawrence, Spencer"]
[Result "1/2-1/2"]
[WhiteElo "1751"]
[BlackElo "1720"]
[PlyCount "104"]
[EventDate "2022.04.15"]
[EventRounds "7"]
[EventCountry "ENG"]

1. d4 d5 2. c4 e6 3. Nc3 Nf6 4. Bg5 Nbd7 5. e3 c6 6. Nf3 Qa5 7. Bxf6 Nxf6 8.
Nd2 Be7 9. Qc2 O-O 10. Bd3 dxc4 11. Nxc4 Qg5 12. Ne4 Nxe4 13. Bxe4 g6 14. h4
Bb4+ 15. Nd2 Qe7 16. h5 f5 17. Bd3 g5 18. a3 Bxd2+ 19. Qxd2 h6 20. Rc1 e5 21.
Bc4+ Be6 22. dxe5 Bxc4 23. Rxc4 Qxe5 24. Rd4 f4 25. Qd3 fxe3 26. Qg6+ Qg7 27.
Qxg7+ Kxg7 28. Rd7+ Rf7 29. Rxf7+ Kxf7 30. fxe3 Rd8 31. Ke2 Ke6 32. Rf1 Rd5 33.
g4 Ke7 34. e4 Rb5 35. b4 a5 36. bxa5 Rxa5 37. Rb1 Rxa3 38. Rxb7+ Kd6 39. Rh7
Ke5 40. Rxh6 Kxe4 41. Rxc6 Ra2+ 42. Kd1 Kf4 43. Rc4+ Ke5 44. Rc2 Ra4 45. h6
Rxg4 46. Rh2 Rd4+ 47. Ke2 Rd8 48. h7 Rh8 49. Kf3 Kf5 50. Rh1 Kg6 51. Kg4 Rxh7
52. Rxh7 Kxh7  1/2-1/2

[Event "2nd Easter 4NCL Congress"]
[Site "Daventry"]
[Date "2022.04.18"]
[Round "7"]
[Board "22"]
[White "Ginestie, Martin"]
[Black "Fisher, Neal"]
[Result "0-1"]
[WhiteElo "1865"]
[BlackElo "1732"]
[PlyCount "100"]
[EventDate "2022.04.15"]
[EventRounds "7"]
[EventCountry "ENG"]

1. d4 Nf6 2. c4 e6 3. g3 Be7 4. Nf3 c6 5. Bg2 O-O 6. Nc3 d5 7. O-O dxc4 8. e4
Na6 9. a3 Nc7 10. Qe2 a5 11. Qxc4 Bd7 12. Qd3 Nfe8 13. Ne5 Bc8 14. Be3 Bf6 15.
Nf3 Be7 16. Rac1 f5 17. e5 Nd5 18. Nxd5 exd5 19. Bf4 Nc7 20. Nd2 Ne6 21. Nb3
Nxf4 22. gxf4 Be6 23. Nc5 Bxc5 24. Rxc5 Qb6 25. Qc3 Qd8 26. Kh1 Qh4 27. Qg3
Qxg3 28. fxg3 h5 29. Bf3 g6 30. Kg2 Rf7 31. Kf2 Rh7 32. Rg1 Kf7 33. Rg2 a4 34.
h3 Rhh8 35. Ke3 Ke7 36. g4 hxg4 37. hxg4 Rh3 38. Kf2 fxg4 39. Bxg4 Rb3 40. Rc2
Rf8 41. Ke2 Rxf4 42. Bxe6 Kxe6 43. Rd2 Kf5 44. Ke1 Rbf3 45. Rh2 Re4+ 46. Rhe2
Rfe3 47. Kf1 Rxe2 48. Rxe2 Rxe2 49. Kxe2 g5 50. Kf3 c5  0-1